| 000 | 01084nam a2200277 a 4500 | ||
|---|---|---|---|
| 001 | 42457 | ||
| 003 | BD-RjUL | ||
| 005 | 20211209053538.0 | ||
| 008 | 851119r19651953enk 001 0 eng d | ||
| 035 | _a(BD-RjUL)42575 | ||
| 035 | _a712501 | ||
| 040 |
_aAPLS _beng _cAPLS _dVDU |
||
| 041 | _aeng | ||
| 082 |
_222 _a330.1932 _bMYP 1953-1965 |
||
| 100 | 1 |
_aMyrdal, Gunnar, _d1898- _9130604 |
|
| 245 | 1 | 4 |
_aThe political element in the development of economic theory / _cby Gunnar Myrdal ; translated from the German by Paul Streeten. |
| 260 |
_aLondon : _bRoutledge & Kegan Paul, _c1953 [ Impression 1955-1965] |
||
| 300 |
_axvii, 248 p. ; _c23 cm. |
||
| 500 | _aOriginally published in Swedish under title: Vetenskap och politik i nationalekonomien. | ||
| 500 | _aBibliographical references included in "Notes" (p. 218-241). and index | ||
| 650 | 0 |
_aEconomic policy. _9130605 |
|
| 650 | 0 |
_aEconomics, Theoretical. _9130606 |
|
| 942 |
_2ddc _cBK |
||
| 999 |
_c42457 _d42457 |
||